00990 am a2200253 a 450000500170000000800410001702000080005804100080006609200200007410000280009424500860012225000610020826000600026930000110032950001610034065300170050165300210051865300280053970000260056793000080059394200120060199900130061395201100062620240701134526.0100902s1973||||ag d f |||| 001 0 spa d aS/N aspa c612.39l51sMAS1 aMasoro, Edward J.91367 aEquilibrio Ácido-Base.bSu fisiología y fisiopatología / cEdward J. Masoro a1a ed.bTraducción Thamara Hormaechea y Kurt Brainin. aBuenos Aires: bEditorial Médica Panamericana;c1973. a186 p. aMasoro, E. J. y Siegel, P. D. (1973). Equilibrio Ácido-Base. Su fisiología y fisiopatología. (1a ed.). Buenos Aires : Editorial Médica Panamericana. aFisiología aFisiopatología aEquilibrio ácido-base1 aSiegel, Paul D.91368 a402 2ddccBK c675d675 00104070aBFMbBFMcCRd2011-05-13l3o612.39 51 MASp402r2014-11-06s2012-09-20tej.1w2011-05-13yBK